| 000 | 00376nam a22001217a 4500 | ||
|---|---|---|---|
| 999 |
_c9409 _d9409 |
||
| 003 | OSt | ||
| 008 | 201203b ||||| |||| 00| 0 eng d | ||
| 245 | _aTextile Trends | ||
| 250 | _a2011(Aug Vol.54 No.5, Sep Vol.54 No.6, Oct Vol.54 No.7, Nov Vol.54 No.8, Dec Vol.54 No.9) | ||
| 260 |
_aKolkata _bEastland Publications Pvt Ltd's |
||
| 650 | _aTextile Engineering | ||
| 942 |
_2ddc _cBV |
||